| 000 | 00656nam a22001457a 4500 | ||
|---|---|---|---|
| 008 | 140822b xxu||||| |||| 00| 0 eng d | ||
| 020 | _a0406090769 | ||
| 050 | _aKD275.4.L39(1880-81 vol.6) | ||
| 245 |
_aThe Law Reports, Appeal Cases(1880-81) under the superintendence and control of the Incorporated Council of Law Reporting for England and Wales: Appeal Cases before the House of Lords and the Judicial Committee of the Privy Council also Peerage Cases. / _cedited by J.R. Bulwer |
||
| 260 |
_aLondon: _bButterworth Co. Ltd, _c1881. |
||
| 300 |
_aix, 904p. _c24cm. |
||
| 440 |
_pAppeal cases 1880-1881 _vVol. 6 |
||
| 800 | _aBulwer, J.R. | ||
| 942 |
_2lcc _cBK |
||
| 999 |
_c3664 _d11164 |
||